000 00294nam a22001097a 4500
082 _a355.02 MIL'J
100 _aMILLER, HARRY
_98511
245 _aJUNGLE WAR IN MALAYA THE COMPAIGN AGAINST COMMUNISM 1948-60
260 _aRAWALPINDI
_bMILITARY BOOK SOCIETY
_c1972
300 _a220P
942 _cBK
999 _c582146
_d582146